000
00302nam a2200121Ia 4500
008
180730s9999||||xx |||||||||||||| ||und||
082
_a
344.01
_b
MIS/L
100
_a
Mishra, S. N.
245
0
_a
Labour & Industrial Law
260
_a
Allahabad
_b
Central Law Publications
_c
2016
300
_a
1207
942
_c
BK
999
_c
125
_d
125